000 00272nam a22001217a 4500
041 _aENG
100 _aGupta .M.K
245 _aNabhi's Practical Handbook On Building Construction
260 _aDelhi
_bA Mabhi Publi
_c2000
300 _a888
650 _a48
856 _u48
999 _c3111
_d3111